LEADER 01069nam a2200229 4500 001 000000346922 003 CaOOAMICUS 005 20210708142112.0 008 210705s2000 it ag 000 u ita r 040 $aSeMil$bita 110 2 $aArcidiocesi di Milano.$0(OLS)http://semarc/name/400 245 10$aMessa crismale :$bcelebrazione giubilare per i presbiteri e i diaconi, Duomo 20 aprile 2000 /$cArcidiocesi di Milano. 250 $aEdizione fuori commercio 264 1$aMilano :$bITL,$c2000. 300 $a39 p. :$bnotazione musicale, ill. ;$c20 cm 650 4$aSettimana Santa - Giovedì.$0(OLS)http://semarc/subject/9834 650 4$aSettimana Santa - Sussidi liturgici.$0(OLS)http://semarc/subject/22859 850 $aSeMil 852 $aSeMil$W1$xVenegono$y1$m5D XI 25/17$j227419$B237996$CSeMilBibl$Z2$F237996 $81 996 $6245$aMessa crismale :$bcelebrazione giubilare per i presbiteri e i diaconi, Duomo 20 aprile 2000$9(OLS)http://semarc/title/436159 996 $6264$aMilano :$bITL$9(OLS)http://semarc/publisher/30648 LEADER 00935nam a2200205 i 4500 001 000000234819 003 CaOOAMICUS 005 20141022000000.0 008 141022s1950 it u000 u ita u 013 $a213722 040 $aSeMil$bita 100 1 $aBok, Bart.$0(OLS)http://semarc/name/39982 245 10$aLibertà della scienza /$cBart Bok. Professore all'Università di Harward (U.S.A.), Presidente del Comitato per l'UNESCO del Consiglio Nazionale della ricerca scientifica negli Stati Uniti. 260 $aMilano :$bEdizioni di Comunità,$cstampa 1950. 300 $a81 p. ;$c23 cm. 650 4$aScienze - Diritto internazionale.$0(OLS)http://semarc/subject/41799 850 $aSeMil 852 $aSeMil$W1$xVenegono$y1$m3M IV 139$j185165$B185165$CSeMilBibl$Z2$F196055 $81 996 $6245$aLibertà della scienza$9(OLS)http://semarc/title/208564 996 $6260$aMilano :$bEdizioni di Comunità$9(OLS)http://semarc/publisher/31458